000 00691naa a2200229 i 4500
001 79000
003 ES-MaBCM
005 20241016120626.0
008 011114s2001 esp 000 0 spa d
021 _axx
035 _a(OCoLC)1365231049
040 _cES-MaBCM
041 0 _aspa
043 _aesp
100 1 _aMartín Delgado, María del Mar
_929268
245 1 0 _aInstalación de antenas de telefonía móvil
_cMaría del Mar Martín Delgado
650 7 _aTeléfono
_960424
651 2 4 _aEspaña
_9115342
700 1 _aSánchez de la Rosa, Jorge
_942044
773 0 _aEn:
_tEconomist & jurist
_dBarcelona : 2001
_w104922
_gaño X, n. 54, oct., p. 11-32. - Loc. S.287
942 _cAREV
999 _c79000
_d79000